Transferts Top 14 - intersaison 2022. - Statistiques

Statistiques générales
  • Ce quiz a été pris 143 fois
    128 depuis la dernière actualisation
  • Le résultat moyen est 22 sur 45
Statistiques - réponses
Poste Joueur De À % Correct
Demi d'ouverture Camille Lopez ASM Clermont Aviron bayonnais
85%
Demi d'ouverture Anthony Belleau RC Toulon ASM Clermont
78%
Demi de mêlée Maxime Machenaud Racing 92 Aviron bayonnais
77%
Demi d'ouverture Jules Plisson Stade rochelais ASM Clermont
73%
Demi d'ouverture Louis Carbonel RC Toulon Montpellier HR
72%
Arrière Melvyn Jaminet USA Perpignan Stade toulousain
72%
Demi de mêlée Léo Coly Stade montois Montpellier HR
70%
Demi d'ouverture Antoine Hastoy Section paloise Stade rochelais
66%
Arrière Ange Capuozzo FC Grenoble Stade toulousain
65%
2e ligne Cameron Woki Union Bordeaux Bègles Racing 92
65%
Ailier Arthur Retière Stade rochelais Stade toulousain
63%
Pilier Dany Priso Stade rochelais RC Toulon
62%
Talonneur Facundo Bosch Stade rochelais Aviron bayonnais
61%
Demi d'ouverture Ihaia West Stade rochelais RC Toulon
61%
Demi de mêlée Morgan Parra ASM Clermont Stade français
61%
3e ligne Alexandre Roumat Union Bordeaux Bègles Stade toulousain
60%
Centre Pierre-Louis Barassi Lyon OU Stade toulousain
60%
Ailier Teddy Thomas Racing 92 Stade rochelais
60%
Ailier Bautista Delguy USA Perpignan ASM Clermont
58%
Pilier Georges-Henri Colombe Racing 92 Stade rochelais
52%
Talonneur Teddy Baubigny Racing 92 RC Toulon
51%
3e ligne Yoan Tanga Mangene Racing 92 Stade rochelais
50%
Centre Ulupano Seuteni Union Bordeaux Bègles Stade rochelais
48%
Demi de mêlée Benoît Paillaugue Montpellier HR RC Toulon
47%
Centre Francis Saili Biarritz olympique Racing 92
47%
2e ligne Eben Etzebeth RC Toulon Sharks
46%
Centre Jérémy Sinzelle Stade rochelais RC Toulon
43%
2e ligne Leone Nakarawa RC Toulon Castres olympique
42%
Ailier Ben Lam Union Bordeaux Bègles Montpellier HR
41%
Demi d'ouverture Handré Pollard Montpellier HR Leicester Tigers
40%
3e ligne Antoine Miquel Stade toulousain Union Bordeaux Bègles
39%
2e ligne Baptiste Pesenti Racing 92 Stade français
38%
Centre Julien Hériteau RC Toulon ASM Clermont
38%
Centre Zack Holmes Stade toulousain Union Bordeaux Bègles
38%
Talonneur Lucas Peyresblanques Biarritz olympique Stade français
37%
3e ligne Mathieu Hirigoyen Biarritz olympique Stade français
36%
Centre Tani Vili ASM Clermont Union Bordeaux Bègles
36%
Pilier Sipilia Falatea ASM Clermont Union Bordeaux Bègles
33%
Pilier Thierry Paiva Union Bordeaux Bègles Stade rochelais
33%
Ailier Waisea Nayacalevu Stade français RC Toulon
30%
Arrière Kurtley Beale Racing 92 Waratahs
29%
Arrière Warrick Gelant Stormers Racing 92
28%
Talonneur Lucas Da Silva Stade français CA Brive
17%
Ailier Dorian Laborde RC Toulon USA Perpignan
12%
2e ligne Victor Moreaux Racing 92 USA Perpignan
12%
Aucun quiz correspondant
Distribution des résultats
% des personnes avec chaque résultat
Percentile par nombre de réponses
Votre historique - résultats
Vous n’avez pas pris ce quiz depuis la dernière actualisation